| 000 | 00895nam a22003017a 4500 | ||
|---|---|---|---|
| 003 | CHAP | ||
| 005 | 20220329135841.0 | ||
| 008 | 971013s1959 r 00010 d | ||
| 010 | _a43288 | ||
| 011 | _a44260 | ||
| 035 | _a48398 | ||
| 040 | _cCHAP | ||
| 082 |
_a526.8 _bR35 |
||
| 100 | 0 | 0 |
_aRaisz, Erwin. _993767 |
| 245 | _aCartografía general | ||
| 250 | _a2 ed. | ||
| 260 |
_aBarcelona : _bOmega, _c1959 |
||
| 300 | _a435 p. | ||
| 590 |
_aBATCH-UPD _b10 _c20130110 _lUCH01 _h2031 |
||
| 590 |
_aBATCH-UPD _b10 _c20130410 _lUCH01 _h1347 |
||
| 590 |
_aBATCH-UPD _b10 _c20130914 _lUCH01 _h0853 |
||
| 590 |
_aCONVERSION _b10 _c20130109 _lUCH01 _h1324 |
||
| 650 | 1 | 4 |
_aCartografía. _919644 |
| 901 | _aBK | ||
| 942 | _cLIBRO | ||
| 949 |
_a526.8 R35 _bBC _cLIBRO _d33724000418901 _eLIBRO _fc.2 _h10866 _i48398 _si _t600.00 |
||
| 949 |
_a526.8 R35 _bBC _cLIBRO _d33724000904959 _eLIBRO _h10865 _i48398 _si _t600.00 |
||
| 999 |
_c43288 _d43288 |
||